| 000 | 01693nam a2200469Ii 4500 | ||
|---|---|---|---|
| 001 | DIGLCATRTA0154 | ||
| 003 | NyNyDIG | ||
| 006 | m o d | ||
| 007 | cr ||||||||||| | ||
| 008 | 211211s2017 sp a ob 000 0 spa d | ||
| 035 | _a(OCoLC)1319855165 | ||
| 040 |
_aDGITA _beng _erda _epn _cDGITA |
||
| 020 |
_a9788490973974 _qeBook |
||
| 020 | _z9788490971468 | ||
| 043 | _ae-sp--- | ||
| 050 | 1 | 4 | _aJN8341 ebook |
| 100 | 1 |
_aUrquizu, Ignacio, _eauthor. |
|
| 245 | 1 | 3 |
_aLa crisis de representación en España / _cIgnacio Urquizu. |
| 264 | 1 |
_aMadrid : _bCatarata, _c[2017] |
|
| 300 |
_a1 online resource : _billustrations. |
||
| 336 |
_atext _btxt _2rdacontent |
||
| 337 |
_acomputer _bc _2rdamedia |
||
| 338 |
_aonline resource _bcr _2rdacarrier |
||
| 347 |
_atext file _2rdaft |
||
| 347 | _bEPUB | ||
| 490 | 1 |
_aCatarata ; _v581 |
|
| 504 | _aIncludes bibliographical references. | ||
| 588 | 0 | _aOnline resource; title from ePUB title page (Digitalia, viewed December 11, 2021) | |
| 610 | 2 | 0 | _a15-M (Organization) |
| 650 | 0 |
_aDemocracy _zSpain. |
|
| 650 | 0 |
_aPolitical participation _zSpain. |
|
| 650 | 0 |
_aPolitical culture _zSpain. |
|
| 651 | 0 |
_aSpain _xPolitics and government _y21st century. |
|
| 655 | 0 | _aElectronic books. | |
| 791 | 2 |
_aDigitalia (Firm), _edistributor. |
|
| 830 | 0 |
_aLibros de la catarata (Series) ; _v581. |
|
| 793 | 0 |
_gDigitalia eBook Collection: _aLos libros de la catarata |
|
| 776 | 0 | 8 |
_iPrint version: _aUrquizu, Ignacio. _tCrisis de representación en España. _dMadrid : Catarata, [2017] _z9788490971468 |
| 856 | 4 | 0 |
_3Digitalia Hispánica _uhttps://www.digitaliapublishing.com/a/80996/ |
| 910 | _aPremium collection: 2022 | ||
| 942 | _cRAA | ||
| 999 |
_c265031 _d265031 |
||